Feyenoord players (2000-2010) - Statistics

General Stats
  • This quiz has been taken 4 times
  • The average score is 26 of 121
Answer Stats
Rank Player Positions Nationality Matches Goals (assists) Period % Correct
2 André Bahia CB 159 15 (5) 2004-2010
100%
7 Pierre van Hooijdonk ST 98 60 (8) 2001-2003, 2005-2007
100%
3 Shinji Ono AM 112 19 (23) 2001-2006
100%
59 Angelos Charisteas ST 28 9 (3) 2006-2007
67%
15 Bonaventure Kalou RW 80 22 (20) 2000-2003
67%
31 Christian Gyan RB 58 2 (3) 2000-2006
67%
5 Dirk Kuyt RW 101 71 (43) 2003-2006
67%
24 Ebi Smolarek ST 68 12 (4) 2000-2002, 2003-2005
67%
11 Giovanni van Bronckhorst LB 88 8 (15) 2007-2010
67%
8 Henk Timmer GK 96 0 (1) 2001-2002, 2006-2009
67%
42 Hossam Ghaly CM 49 3 (5) 2003-2006
67%
49 Jerzy Dudek GK 37 0 (0) 2000-2002
67%
6 Jon Dahl Tomasson ST 98 52 (11) 2000-2002, 2008-2010
67%
20 Patrick Lodewijks GK 72 0 (0) 2002-2006
67%
14 Paul Bosvelt DM 82 17 (8) 2000-2003
67%
29 Robin van Persie ST 61 14 (9) 2001-2004
67%
26 Salomon Kalou LW 67 35 (19) 2003-2006
67%
23 Sebastián Pardo AM 70 9 (5) 2002-2007
67%
65 Sekou Cissé ST 24 5 (5) 2009-2010
67%
41 Andwelé Slory RW 50 7 (6) 2007-2010
33%
34 Anthony Lurling AM 57 8 (12) 2002-2004
33%
10 Brett Emerton RM 92 11 (14) 2000-2003
33%
37 Chong-gug Song RB 53 2 (6) 2002-2005
33%
86 Chun-soo Lee CF 12 0 (0) 2007-2008
33%
100 Dani Fernández RB 5 0 (0) 2009-2010
33%
45 Danko Lazovic CF 41 9 (3) 2003-2005
33%
40 Danny Buijs CM 51 6 (6) 2006-2009
33%
27 Diego Biseswar AM 65 9 (11) 2004-2006, 2007-2010
33%
32 Edwin Zoetebier GK 58 0 (0) 2001-2004
33%
87 Erwin Mulder GK 11 0 (0) 2007-2008, 2009-2010
33%
17 Georginio Wijnaldum CM 77 9 (7) 2006-2010
33%
77 Gill Swerts RB 17 0 (1) 2003-2004
33%
4 Jonathan de Guzmán CM 109 23 (22) 2005-2010
33%
70 Joonas Kolkka RW 22 3 (1) 2006-2007
33%
43 Karim El Ahmadi DM 48 2 (0) 2008-2010
33%
55 Kelvin Leerdam RB 33 1 (1) 2008-2010
33%
36 Leonardo CF 55 4 (7) 2000-2006
33%
89 Leonardo RB 10 0 (0) 2001-2003
33%
18 Leroy Fer DM 76 9 (9) 2007-2010
33%
109 Luc Castaignos ST 3 0 (0) 2009-2010
33%
22 Luigi Bruins CM 70 9 (6) 2007-2010
33%
74 Mariano Bombarda ST 20 4 (3) 2002-2004
33%
38 Pascal Bosschaart CB 53 0 (3) 2004-2007
33%
1 Patrick Paauwe CB 171 19 (13) 2000-2006
33%
78 Peter van Vossen LW 17 0 (1) 2000-2001
33%
113 Philippe Léonard LB 2 0 (0) 2006-2007
33%
85 Ramon van Haaren LB 14 0 (0) 2002-2004
33%
120 Ricky van Haaren CM 1 0 (1) 2009-2010
33%
57 Rob van Dijk GK 29 0 (1) 2008-2010
33%
28 Romeo Castelen RW 65 20 (16) 2004-2007
33%
21 Ron Vlaar CB 72 6 (0) 2005-2008, 2009-2010
33%
13 Roy Makaay ST 83 36 (14) 2007-2010
33%
58 Royston Drenthe LM 29 0 (2) 2005-2007
33%
19 Theo Lucius DM 74 6 (10) 2006-2009
33%
16 Thomas Buffel RW 80 34 (17) 2002-2005
33%
33 Tim de Cler LB 58 1 (9) 2007-2010
33%
68 Timothy Derijck CB 23 1 (0) 2005-2007, 2008-2009
33%
54 Alexander Arnold Mezan RB 33 0 (2) 2004-2006
0%
50 Alfred Schreuder DM 36 0 (6) 2003-2004, 2005-2007
0%
51 Ali Boussaboun LW 36 6 (3) 2005-2007
0%
67 Arco Jochemsen RM 23 0 (1) 2000-2001
0%
53 Bart Goor LM 34 7 (6) 2004-2005
0%
99 Bart Schenkeveld CB 5 0 (0) 2009-2010
0%
112 Benjamin De Ceulaer ST 2 0 (0) 2006-2007
0%
75 Bruno Basto LB 18 1 (0) 2004-2005
0%
107 Carlo l'Ami GK 3 0 (0) 2002-2003
0%
94 Civard Sprockel CB 6 0 (0) 2001-2002
0%
80 Cory Gibbs CB 15 1 (0) 2004-2005
0%
101 Darley GK 5 0 (0) 2009-2010
0%
81 David Connolly ST 15 5 (2) 2000-2001
0%
48 Denny Landzaat CM 38 5 (3) 2007-2010
0%
52 Dwight Tiendalli RB 35 0 (0) 2006-2007, 2008-2009
0%
95 Edwin de Graaf CM 6 0 (1) 2004-2006
0%
82 Ferne Snoyl LB 15 0 (0) 2003-2004, 2005-2006
0%
39 Ferry de Haan CB 52 0 (1) 2000-2003
0%
64 Gábor Babos GK 24 0 (1) 2004-2005
0%
69 Gérard de Nooijer CB 22 0 (1) 2002-2004
0%
96 Gerson Magrão LM 6 0 (0) 2004-2005
0%
88 Gianni Zuiverloon CB 10 0 (0) 2004-2005
0%
115 Glenn Kobussen DM 1 0 (0) 2008-2009
0%
62 Glenn Loovens CB 26 0 (0) 2001-2003, 2004-2005
0%
61 Igor Korneev RW 27 7 (4) 2000-2002
0%
116 Jacob Lensky CM 1 0 (0) 2006-2007
0%
72 Jan de Visser LM 21 0 (0) 2000-2002
0%
117 Jean Carlos LB 1 0 (0) 2003-2004
0%
103 Jean-Paul van Gastel DM 4 1 (0) 2000-2001
0%
118 Jesper Hogedoorn GK 1 0 (0) 2002-2003
0%
47 Johan Elmander ST 39 3 (0) 2000-2003
0%
119 John Owoeri ST 1 0 (0) 2005-2006
0%
108 Jordao Pattinama RW 3 0 (1) 2008-2009
0%
83 Jorge Acuña DM 15 0 (1) 2002-2004
0%
44 Karim Saïdi CB 46 1 (2) 2004-2007
0%
9 Kees van Wonderen CB 96 2 (6) 2000-2004
0%
104 Kermit Erasmus ST 4 0 (0) 2008-2009
0%
35 Kevin Hofland CB 55 3 (2) 2007-2010
0%
105 Kevin Wattamaleo CM 4 0 (1) 2008-2009
0%
91 Luis Pedro RW 9 0 (1) 2008-2009
0%
92 Maikel Aerts GK 8 0 (0) 2005-2006
0%
102 Mauricio Aros LB 5 0 (1) 2001-2002
0%
46 Michael Mols ST 40 4 (6) 2007-2009
0%
97 Michal Janota AM 6 0 (0) 2008-2009
0%
106 Mitchell Schet RW 4 0 (0) 2008-2010
0%
25 Nicky Hofs AM 68 21 (12) 2004-2008
0%
110 Norichio Nieveld CB 3 0 (1) 2008-2009
0%
56 Nuri Şahin DM 29 6 (5) 2007-2008
0%
71 Patrick Mtiliga LB 22 0 (0) 2003-2005
0%
63 Peter van den Berg CB 25 1 (1) 2003-2004
0%
84 Pieter Collen CB 14 0 (2) 2001-2002, 2005-2007
0%
111 René van Dieren DM 3 0 (0) 2000-2001
0%
114 Saïd Boutahar AM 2 0 (0) 2001-2002
0%
12 Serginho Greene DM 85 1 (5) 2005-2009
0%
93 Sherif Ekramy GK 7 0 (0) 2005-2008
0%
98 Somália ST 6 1 (0) 2000-2001
0%
90 Stefan Babovic AM 10 1 (0) 2009-2010
0%
79 Stefan de Vrij CB 17 1 (0) 2009-2010
0%
66 Stein Huysegems ST 24 6 (0) 2006-2007
0%
60 Tim Vincken RW 28 1 (1) 2004-2007
0%
76 Tininho LM 18 0 (0) 2000-2001
0%
30 Tomasz Rzasa LB 59 0 (2) 2000-2003
0%
73 Ulrich van Gobbel RB 21 0 (0) 2000-2002
0%
121 Zbigniew Malkowski GK 1 0 (0) 2004-2005
0%
No matching quizzes found
Score Distribution
Percent of People with Each Score
Percentile by Number Answered
Your Score History
You have not taken this quiz